Catálogo

Palabra de analista / (Registro nro. 66417)

Detalles MARC
000 -LEADER
fixed length control field 00781nam a2200253 u 4500
001 - CONTROL NUMBER
control field 66417
005 - DATE AND TIME OF LATEST TRANSACTION
control field 20180714074155.0
008 - FIXED-LENGTH DATA ELEMENTS--GENERAL INFORMATION
fixed length control field 161021s1998 mx r 000 0 spa d
020 ## - INTERNATIONAL STANDARD BOOK NUMBER
International Standard Book Number 9682321204
041 ## - LANGUAGE CODE
Language code of text/sound track or separate title spa
082 0# - DEWEY DECIMAL CLASSIFICATION NUMBER
Classification number 150.195
Item number SAA
100 1# - MAIN ENTRY--PERSONAL NAME
Personal name Saal, Frida,
Relator term autor
245 10 - TITLE STATEMENT
Title Palabra de analista /
Statement of responsibility, etc. Frida Saal (Talila).
250 ## - EDITION STATEMENT
Edition statement Primera edición
264 #1 - PRODUCTION, PUBLICATION, DISTRIBUTION, MANUFACTURE, AND COPYRIGHT NOTICE
Place of production, publication, distribution, manufacture México :
Name of producer, publisher, distributor, manufacturer Siglo XXI Editores,
Date of production, publication, distribution, manufacture, or copyright notice 1998
300 ## - PHYSICAL DESCRIPTION
Extent 206 páginas ;
Dimensions 21 cm.
336 ## - CONTENT TYPE
Content type term texto
Source rdacontent
337 ## - MEDIA TYPE
Media type term sin mediación
Source rdamedia
338 ## - CARRIER TYPE
Carrier type term volumen
Source rdacarrier
490 0# - SERIES STATEMENT
Series statement Psicología y psicoanálisis, dirigida por Octavio Chamizo
600 #4 - SUBJECT ADDED ENTRY--PERSONAL NAME
Personal name Saal, Frida, 1936-1998
General subdivision Homenaje
650 #4 - SUBJECT ADDED ENTRY--TOPICAL TERM
Topical term or geographic name entry element Psicoanálisis
650 #4 - SUBJECT ADDED ENTRY--TOPICAL TERM
Topical term or geographic name entry element Psicoanalistas argentinos
Existencias
Withdrawn status Lost status Source of classification or shelving scheme Damaged status Not for loan Collection code Home library Current library Shelving location Date acquired Source of acquisition Inventory number Total Checkouts Full call number Barcode Date last seen Price effective from Koha item type
    Dewey Decimal Classification     General Biblioteca Karol Wojtyla Biblioteca Karol Wojtyla Sala general 21/10/2016 Compra 151000000000000000061433   150.195 SAA 1998 96656 26/03/2026 17/11/2016 Libro
    Dewey Decimal Classification   Consulta en sala General Tehuacán Tehuacán Sala general 28/04/2015 Compra     131 SAA 1998 509754 08/01/2025 28/04/2015 Reserva permanente